Robot 88 : Zkušenosti s nasazováním robotů a robotizovaných pracovišť. 2.sekce : Konf. Brno, Kongresová hala hotelu Voronež. 5.března 1988
Gespeichert in:
| Format: | Buch |
|---|---|
| Sprache: | Tschechisch |
| Veröffentlicht: |
Pardubice :
Dom techniky ČSVTS,
1988
|
| Schlagworte: | |
| Tags: |
Keine Tags, Fügen Sie das erste Tag hinzu!
|
MARC
| LEADER | 00000nam a22000003a 4500 | ||
|---|---|---|---|
| 001 | stu41379 | ||
| 005 | 20150408175810.4 | ||
| 008 | 931122s1988----cs------------------cze-d | ||
| 040 | |a STU |b slo | ||
| 041 | 0 | |a cze | |
| 044 | |a cs | ||
| 080 | |a 681.02(082) | ||
| 245 | |a Robot 88 : |b Zkušenosti s nasazováním robotů a robotizovaných pracovišť. 2.sekce : Konf. Brno, Kongresová hala hotelu Voronež. 5.března 1988 | ||
| 260 | |a Pardubice : |b Dom techniky ČSVTS, |c 1988 | ||
| 300 | |a 157 s | ||
| 650 | 7 | |a Robotizácia |2 stusub | |
| 650 | 7 | |a zborníky |2 stusub | |
| 996 | |b MZ 182 |c M*Z-182 |l MMKN |s A |a 24 |w stu41379_0001 | ||